Emberségről, sötét időkben. Gondolatok Lessingről
Elmentve itt :
| Szerző: | |
|---|---|
| Adatforrás: | Philobibl |
| Forrásdokumentuma: | Világosság 37 1996/6., 17-37. p. |
| Dokumentumtípus: | Cikk |
| Nyelv: | magyar |
| Kulcsszavak: | Lessing |
| LEADER | 00371nab a2200121 c 4500 | ||
|---|---|---|---|
| 001 | bibDOK00004312 | ||
| 005 | 20200924120027.5 | ||
| 008 | 060518s1996 xx hun | ||
| 100 | 1 | |a Arendt, Hannah | |
| 245 | 1 | 0 | |a Emberségről, sötét időkben. Gondolatok Lessingről |c Arendt, Hannah |
| 500 | |a Rózsahegyi Edit (ford.) | ||
| 695 | |a Lessing | ||
| 773 | 0 | |t Világosság 37 |g 1996/6., 17-37. p. | |